[Event "II Weekend A"]
[Site "Pescara ITA"]
[Date "2007.09.09"]
[Round "3"]
[White "Piantieri, Guido"]
[Black "Di Federico, Cristiano"]
[Result "1-0"]
[WhiteElo "1758"]
[BlackElo "1511"]
[PlyCount "77"]
[EventDate "2007.09.07"]

1. d4 d5 2. c4 c6 3. Nc3 e5 4. dxe5 d4 5. Ne4 Qa5+ 6. Bd2 Qxe5 7. Ng3 c5 8. Nf3
Qc7 9. e4 Nd7 10. Bd3 g6 11. O-O Bg7 12. e5 Nxe5 13. Re1 Ne7 14. Nxe5 Bxe5 15.
Qe2 Bxg3 16. hxg3 Be6 17. Bf4 Qc6 18. Qe5 Rg8 19. Be4 Qb6 20. Bd5 Rd8 21. Bg5
Rd7 22. Qf6 Kd8 23. Bxe6 fxe6 24. Rxe6 Qc7 25. Rae1 Re8 26. Rxe7 Rdxe7 27. Rxe7
Rxe7 28. Qf8+ Kd7 29. Qxe7+ Kc6 30. Qxc7+ Kxc7 31. Kf1 Kb6 32. Bd8+ Kc6 33. Ke2
Kd6 34. f4 Ke6 35. g4 h5 36. Kf3 b6 37. f5+ gxf5 38. gxh5 f4 39. Kxf4 1-0

[Event "II Weekend A"]
[Site "Pescara ITA"]
[Date "2007.09.09"]
[Round "3"]
[White "Zarrillo, Giovambattista"]
[Black "Di Pietro, Gabriele"]
[Result "0-1"]
[WhiteElo "1527"]
[BlackElo "1749"]
[PlyCount "74"]
[EventDate "2007.09.07"]

1. d4 e6 2. c4 Nf6 3. Nc3 d5 4. Nf3 dxc4 5. e4 Be7 6. Bxc4 O-O 7. O-O Nc6 8.
Bg5 Na5 9. Be2 Nd7 10. Bf4 a6 11. Rc1 b5 12. a3 Bb7 13. d5 Nc4 14. Bxc4 bxc4
15. d6 cxd6 16. Bxd6 Nc5 17. Bxc5 Bxc5 18. Na4 Rc8 19. Ne5 Ba7 20. Re1 Qf6 21.
Nf3 Rfd8 22. Qe2 Rd7 23. Rxc4 Rcd8 24. Nc5 Bxc5 25. Rxc5 Qf4 26. Rcc1 h6 27. g3
Qf6 28. Rc2 Rd3 29. Nh4 a5 30. Rec1 Ba6 31. e5 Qg5 32. Qe1 Qg4 33. Rc7 Rd1 34.
f3 Rxe1+ 35. Rxe1 Qd4+ 36. Kh1 Qf2 37. Rec1 Rd2 0-1

[Event "II Weekend A"]
[Site "Pescara ITA"]
[Date "2007.09.09"]
[Round "4"]
[White "Cataldi, Cristiano"]
[Black "Piantieri, Guido"]
[Result "0-1"]
[WhiteElo "1565"]
[BlackElo "1758"]
[PlyCount "66"]
[EventDate "2007.09.07"]

1. e4 e5 2. Nf3 Nc6 3. Bc4 Bc5 4. c3 Nf6 5. d3 d6 6. Be3 Bg4 7. Nbd2 Qd7 8.
Bxc5 dxc5 9. Qe2 O-O 10. Qe3 b6 11. O-O Rfe8 12. Bb5 a6 13. Bxc6 Qxc6 14. Rfe1
Rad8 15. Rac1 Qd7 16. Qg5 Qxd3 17. Re3 Qb5 18. Nxe5 Rxe5 19. Qxe5 Rxd2 20. Qxc7
h6 21. e5 Qxb2 22. Rf1 Nd5 23. Qd8+ Kh7 24. e6 Nxe3 25. e7 Rxd8 26. exd8=Q Nxf1
27. Qd3+ g6 28. Qxf1 Qxc3 29. h3 Bc8 30. Qb1 b5 31. h4 Qe5 32. f3 Qd4+ 33. Kf1
Bf5 0-1

[Event "II Weekend A"]
[Site "Pescara ITA"]
[Date "2007.09.09"]
[Round "4"]
[White "Di Federico, Cristiano"]
[Black "Antonelli, Alessandro"]
[Result "0-1"]
[WhiteElo "1511"]
[BlackElo "1895"]
[PlyCount "114"]
[EventDate "2007.09.07"]

1. d4 Nf6 2. g3 g6 3. Bg2 Bg7 4. Nf3 O-O 5. O-O d5 6. Nc3 Nbd7 7. e3 e6 8. Re1
c5 9. e4 cxd4 10. Nxd4 e5 11. Nb3 d4 12. Ne2 Re8 13. c3 dxc3 14. Nxc3 Nb6 15.
Qc2 Bg4 16. f3 Be6 17. Rd1 Qe7 18. Qf2 Nc4 19. Nc5 b6 20. Nxe6 Qxe6 21. b3 Na5
22. Qf1 Red8 23. Bg5 Nc6 24. Bxf6 Bxf6 25. Bh3 Rxd1 26. Rxd1 Qe7 27. Nd5 Qc5+
28. Kh1 Kg7 29. Nc7 Rd8 30. Nd5 Nd4 31. Rc1 Qa3 32. Rc7 Qxa2 33. Qc4 Qb1+ 34.
Bf1 Qxb3 35. Qxb3 Nxb3 36. Rxa7 Nd4 37. Nxf6 Kxf6 38. Bc4 Ne6 39. Rb7 Rd6 40.
Bb5 Nc5 41. Rb8 h5 42. Bc4 Ke7 43. Bd5 f5 44. Kg2 fxe4 45. Bxe4 Nxe4 46. fxe4
Kd7 47. Kf3 Rf6+ 48. Ke3 Re6 49. Rf8 Kc6 50. Kf3 Kc5 51. h4 b5 52. g4 hxg4+ 53.
Kxg4 b4 54. Kf3 Kd4 55. Rd8+ Kc3 56. Rd1 b3 57. Ke3 b2 0-1

[Event "II Weekend A"]
[Site "Pescara ITA"]
[Date "2007.09.09"]
[Round "4"]
[White "Di Pietro, Gabriele"]
[Black "Cecamore, Antonino"]
[Result "1-0"]
[WhiteElo "1749"]
[BlackElo "1518"]
[PlyCount "39"]
[EventDate "2007.09.07"]

1. e4 Nc6 2. d4 d5 3. Nc3 dxe4 4. d5 Ne5 5. Nxe4 Bf5 6. Ng3 Bg6 7. f4 Qd6 8.
fxe5 Qxe5+ 9. Be2 O-O-O 10. Nf3 Qd6 11. O-O e6 12. Qd4 c5 13. Qa4 Qb6 14. dxe6
fxe6 15. Be3 Ne7 16. b4 Nd5 17. Bf2 h5 18. bxc5 Bxc5 19. Qc4 Ne3 20. Bxe3 1-0

[Event "II Weekend A"]
[Site "Pescara ITA"]
[Date "2007.09.09"]
[Round "4"]
[White "Zarrillo, Giovambattista"]
[Black "Di Censo, Angelo"]
[Result "0-1"]
[WhiteElo "1527"]
[BlackElo "1748"]
[PlyCount "78"]
[EventDate "2007.09.07"]

1. d4 Nf6 2. c4 e6 3. Nc3 b6 4. Nf3 Bb7 5. Bg5 Be7 6. e3 d5 7. Be2 Nbd7 8. Rc1
c5 9. O-O O-O 10. Re1 cxd4 11. Nxd4 dxc4 12. Bxc4 Ne5 13. Be2 h6 14. Bh4 Ng6
15. Bg3 e5 16. Nf3 e4 17. Nd4 Nh7 18. Qc2 Rc8 19. Qa4 a6 20. Bg4 Rc5 21. Nf5 b5
22. Qb3 Kh8 23. Red1 Qa8 24. Nxe7 Nxe7 25. Bd6 Rg5 26. Bxe7 Rxg4 27. Bxf8 Qxf8
28. Rd7 Bc8 29. Rxf7 Qe8 30. Rd1 Be6 31. Qa3 Bxf7 32. Qxa6 Bc4 33. Qb6 Bd3 34.
Nxb5 Ng5 35. Nc7 Nh3+ 36. Kh1 Nxf2+ 37. Kg1 Qf8 38. Rc1 Nh3+ 39. Kh1 Qf2 0-1

[Event "II Weekend A"]
[Site "Pescara ITA"]
[Date "2007.09.15"]
[Round "5"]
[White "Antonelli, Alessandro"]
[Black "Cataldi, Cristiano"]
[Result "1-0"]
[WhiteElo "1895"]
[BlackElo "1565"]
[PlyCount "85"]
[EventDate "2007.09.07"]

1. e4 e5 2. Nf3 Nc6 3. d4 exd4 4. Nxd4 Bc5 5. Nb3 Bb6 6. a4 Qf6 7. Qe2 d6 8. a5
Nd4 9. Nxd4 Bxd4 10. c3 Be5 11. g3 Qg6 12. Bg2 c6 13. f4 Bg4 14. Bf3 Bxf3 15.
Qxf3 Qh6 16. Be3 Bf6 17. Nd2 Ne7 18. Nc4 O-O 19. O-O d5 20. Nd2 dxe4 21. Nxe4
Nd5 22. Nxf6+ Qxf6 23. Bd4 Qf5 24. Rfe1 Rfe8 25. Bxa7 Qc2 26. Qf2 Qb3 27. Bd4
h6 28. Qd2 Rad8 29. Re2 Qb5 30. Rxe8+ Rxe8 31. Re1 Rxe1+ 32. Qxe1 Qxb2 33. Qe8+
Kh7 34. Qxf7 Qb1+ 35. Kg2 Qe4+ 36. Kh3 Qg6 37. Qxg6+ Kxg6 38. Kg4 Ne7 39. Kf3
Kf7 40. Ke4 g6 41. Ke5 h5 42. Kd6 Ke8 43. Kc7 1-0

[Event "II Weekend A"]
[Site "Pescara ITA"]
[Date "2007.09.15"]
[Round "5"]
[White "Cecamore, Antonino"]
[Black "Di Federico, Cristiano"]
[Result "1-0"]
[WhiteElo "1518"]
[BlackElo "1511"]
[PlyCount "45"]
[EventDate "2007.09.07"]

1. e4 c5 2. Nf3 Nc6 3. d4 cxd4 4. Nxd4 d6 5. Bc4 Nf6 6. Nc3 a6 7. Be3 e6 8. Qe2
Be7 9. O-O-O Qc7 10. Bb3 b5 11. g4 Nxd4 12. Bxd4 e5 13. Be3 Bxg4 14. f3 Bh5 15.
h4 Qc6 16. Qg2 g6 17. Bh6 a5 18. Bg7 Rg8 19. Bxf6 Bxf6 20. Bd5 Qa6 21. Bxa8
Qxa8 22. Nxb5 Be7 23. Nc7+ 1-0

[Event "II Weekend A"]
[Site "Pescara ITA"]
[Date "2007.09.15"]
[Round "5"]
[White "Di Censo, Angelo"]
[Black "Di Pietro, Gabriele"]
[Result "0-1"]
[WhiteElo "1748"]
[BlackElo "1749"]
[PlyCount "60"]
[EventDate "2007.09.07"]

1. e4 e5 2. Nf3 Nc6 3. Bc4 Nf6 4. d4 Bd6 5. Bg5 O-O 6. O-O exd4 7. Nxd4 Ne5 8.
Bb3 h6 9. Bxf6 Qxf6 10. f4 Ng4 11. e5 Qh4 12. h3 Ne3 13. Qe1 Qxe1 14. Rxe1 Bc5
15. c3 Nf5 16. Re4 d6 17. Kh2 Nxd4 18. cxd4 Bf5 19. Re2 Bxd4 20. g4 Bd7 21. Nc3
Rfe8 22. Nd5 Rac8 23. Rd1 Bc5 24. f5 Bb5 25. Ree1 dxe5 26. f6 e4 27. Bc2 e3 28.
Bf5 Rcd8 29. b4 Bd6+ 30. Kg1 e2 0-1

[Event "II Weekend A"]
[Site "Pescara ITA"]
[Date "2007.09.15"]
[Round "5"]
[White "Piantieri, Guido"]
[Black "Zarrillo, Giovambattista"]
[Result "1-0"]
[WhiteElo "1758"]
[BlackElo "1527"]
[PlyCount "65"]
[EventDate "2007.09.07"]

1. d4 d6 2. c4 Nf6 3. Nc3 g6 4. Nf3 Bg7 5. e4 Nbd7 6. Bd3 O-O 7. O-O e5 8. Bg5
exd4 9. Nxd4 Qe8 10. Ndb5 Qd8 11. Nd5 c6 12. Nxf6+ Nxf6 13. Nc3 Qb6 14. Qc2 Be6
15. Rad1 Qc5 16. Be3 Qa5 17. b4 Qc7 18. Be2 Ng4 19. Bd4 Bxd4 20. Rxd4 c5 21.
Nb5 Qe7 22. bxc5 dxc5 23. Rd2 a6 24. Nc3 Rad8 25. Bxg4 Bxg4 26. Nd5 Qg5 27. f4
Qh4 28. g3 Qh3 29. Qb2 Bc8 30. Nf6+ Kg7 31. Ne8+ Kh6 32. Qg7+ Kh5 33. Nf6# 1-0

[Event "II Weekend A"]
[Site "Pescara ITA"]
[Date "2007.09.16"]
[Round "6"]
[White "Di Censo, Angelo"]
[Black "Piantieri, Guido"]
[Result "0-1"]
[WhiteElo "1748"]
[BlackElo "1758"]
[PlyCount "63"]
[EventDate "2007.09.07"]

1. e4 e5 2. Nf3 Nc6 3. Bc4 Bc5 4. c3 Nf6 5. d4 exd4 6. cxd4 Bb4+ 7. Nc3 O-O 8.
O-O Bxc3 9. bxc3 Nxe4 10. d5 Ne7 11. Re1 Nd6 12. Bb3 b5 13. Bg5 f6 14. Bf4 Bb7
15. a4 a6 16. Qd3 Rb8 17. axb5 axb5 18. Nd2 Kh8 19. Re3 Ng6 20. Rh3 f5 21. Bxd6
cxd6 22. Qg3 Qf6 23. Rh5 Rfe8 24. Bc2 Re5 25. Qh3 Nf4 26. Rxh7+ Kg8 27. Rh8+
Kf7 28. Qh7 Rxh8 29. Qxh8 Qg5 30. g3 Ne2+ 31. Kf1 Qxd2 32. Qh4 0-1

[Event "II Weekend A"]
[Site "Pescara ITA"]
[Date "2007.09.16"]
[Round "6"]
[White "Di Pietro, Gabriele"]
[Black "Di Federico, Cristiano"]
[Result "1-0"]
[WhiteElo "1749"]
[BlackElo "1511"]
[PlyCount "83"]
[EventDate "2007.09.07"]

1. e4 c5 2. c3 d5 3. e5 Bf5 4. Nf3 e6 5. Qa4+ Nc6 6. Bb5 Qc7 7. O-O a6 8. Be2
Be4 9. d4 Bxf3 10. Bxf3 b5 11. Qc2 Rc8 12. Be3 Nge7 13. Nd2 cxd4 14. cxd4 Qb6
15. Qd3 Nf5 16. Rac1 Nxe3 17. fxe3 Be7 18. Bh5 g6 19. Bg4 O-O 20. Qe2 Bg5 21.
Nb3 Be7 22. Rc2 a5 23. Rfc1 a4 24. Nc5 Bxc5 25. Rxc5 Na7 26. Qd2 Rxc5 27. Rxc5
Rc8 28. Qb4 Rxc5 29. dxc5 Qc6 30. Be2 Kf8 31. Bd3 Kg7 32. e4 Kf8 33. Kf2 Kg7
34. Qd4 Kf8 35. Qe3 Kg7 36. Kf3 Qc7 37. exd5 exd5 38. Kf2 Nc6 39. e6 Ne5 40.
Qd4 fxe6 41. Bxb5 Kf8 42. Bxa4 {...} 1-0

[Event "II Weekend A"]
[Site "Pescara ITA"]
[Date "2007.09.16"]
[Round "6"]
[White "Zarrillo, Giovambattista"]
[Black "Antonelli, Alessandro"]
[Result "0-1"]
[WhiteElo "1527"]
[BlackElo "1895"]
[PlyCount "183"]
[EventDate "2007.09.07"]

1. d4 Nf6 2. c4 g6 3. Nc3 d5 4. Nf3 Bg7 5. Bg5 Ne4 6. e3 Nxg5 7. Nxg5 e6 8. Nf3
O-O 9. Be2 dxc4 10. Bxc4 c5 11. O-O cxd4 12. Nxd4 Bd7 13. Rc1 Nc6 14. Nce2 Rc8
15. Nxc6 Bxc6 16. Nd4 Bxd4 17. exd4 Qd6 18. Qg4 Rfd8 19. Rfd1 Bd5 20. Qe2 Bxc4
21. Rxc4 Rxc4 22. Qxc4 Qc6 23. b3 Qd7 24. h3 Rc8 25. Qd3 Qd5 26. Kf1 Rd8 27.
Qc4 e5 28. Qxd5 Rxd5 29. Ke2 exd4 30. Kd3 Rc5 31. Rd2 f6 32. Re2 Kf7 33. Kxd4
Rc7 34. Kd3 h6 35. Re4 Rc1 36. Rc4 Rd1+ 37. Ke3 Rd7 38. a4 f5 39. Rd4 Rc7 40.
Kd3 Ke6 41. g3 Rc1 42. Rb4 Rd1+ 43. Ke3 b6 44. Rc4 Rd7 45. h4 Rd6 46. b4 a6 47.
Ke2 Kd5 48. Rc1 Re6+ 49. Kd3 Re4 50. Rb1 Rd4+ 51. Kc3 Rc4+ 52. Kd3 g5 53. hxg5
hxg5 54. Rb3 f4 55. gxf4 Rxf4 56. Rb2 Rf3+ 57. Ke2 Ra3 58. b5 Rxa4 59. bxa6 Kc5
60. Rb3 Rxa6 61. Rg3 Ra2+ 62. Kf1 b5 63. Rxg5+ Kc4 64. Rg8 b4 65. Rc8+ Kd3 66.
Rd8+ Kc3 67. Rc8+ Kb2 68. f4 b3 69. Ke1 Kb1 70. Kd1 Ka1 71. Rc1+ Kb2 72. Rc8
Ra4 73. f5 Ka2 74. Rb8 b2 75. Kc2 Rc4+ 76. Kd3 Rf4 77. Ra8+ Kb3 78. Rb8+ Ka2
79. Ra8+ Kb1 80. Ra5 Kc1 81. Rc5+ Kd1 82. Rb5 Kc1 83. Rc5+ Kb1 84. Ke3 Ra4 85.
f6 Ka1 86. f7 Ra8 87. f8=Q Rxf8 88. Ra5+ Kb1 89. Kd2 Rd8+ 90. Ke1 Rd4 91. Ke2
Kc2 92. Rc5+ 0-1

[Event "IX Open"]
[Site "Crema ITA"]
[Date "2007.09.07"]
[Round "1"]
[White "Acunzo, Domenico"]
[Black "Stella, Andrea"]
[Result "0-1"]
[WhiteElo "1776"]
[BlackElo "2132"]
[PlyCount "86"]
[EventDate "2007.09.07"]

1. e4 e6 2. d4 d5 3. Nc3 Bb4 4. a3 Bxc3+ 5. bxc3 dxe4 6. f3 Nd7 7. Be3 Ngf6 8.
Nh3 c5 9. dxc5 Qa5 10. Qd4 O-O 11. Qb4 Qc7 12. fxe4 Ng4 13. Bg1 f5 14. Be2 Ndf6
15. exf5 exf5 16. O-O-O Re8 17. Bf3 Ne4 18. Bd4 Bd7 19. Bxe4 Rxe4 20. Ng5 Qf4+
21. Kb1 Qxg5 22. Qxb7 Qd8 23. Qa6 Qb8+ 24. Ka1 Qb5 25. Qxb5 Bxb5 26. h3 Ne3 27.
Rd2 Nc4 28. Rf2 g6 29. Ka2 Bc6 30. Rhf1 Bd5 31. Ka1 Rae8 32. Rd1 Re1 33. Rf1
Rxf1 34. Rxf1 Bxg2 35. Rd1 Bf3 36. Rb1 Nxa3 37. Rb3 Nxc2+ 38. Kb2 Nxd4 39. cxd4
Bd5 40. Ra3 Re2+ 41. Kc1 Re7 42. Ra6 f4 43. Rd6 f3 0-1

[Event "IX Open"]
[Site "Crema ITA"]
[Date "2007.09.07"]
[Round "1"]
[White "Barrera, Pietro"]
[Black "Pagano, Davide"]
[Result "1-0"]
[WhiteElo "1905"]
[BlackElo "1464"]
[PlyCount "59"]
[EventDate "2007.09.07"]

1. d4 d5 2. Nf3 Nf6 3. Bf4 e6 4. e3 Bd6 5. Bxd6 Qxd6 6. c4 c6 7. Nc3 Nbd7 8. c5
Qe7 9. Be2 e5 10. dxe5 Nxe5 11. Qd4 Nxf3+ 12. Bxf3 O-O 13. O-O Bf5 14. Rad1
Rfe8 15. Rd2 Ne4 16. Bxe4 Bxe4 17. Re2 Qe6 18. f3 Bf5 19. Rfe1 Qe5 20. Qb4 Qc7
21. e4 Be6 22. exd5 cxd5 23. Nxd5 Qc6 24. Nc3 Rac8 25. Ne4 Red8 26. Rd2 Rxd2
27. Qxd2 f5 28. Nf2 Bxa2 29. b4 Re8 30. Qxa2+ 1-0

[Event "IX Open"]
[Site "Crema ITA"]
[Date "2007.09.07"]
[Round "1"]
[White "Bongiorni, Gabriele"]
[Black "Romagnoli, Franco"]
[Result "0-1"]
[WhiteElo "1816"]
[BlackElo "2111"]
[PlyCount "70"]
[EventDate "2007.09.07"]

1. e4 g6 2. d4 Bg7 3. Nf3 c6 4. Bf4 Qb6 5. b3 c5 6. c3 cxd4 7. cxd4 Nc6 8. Be3
d5 9. e5 Bg4 10. Be2 Bxf3 11. Bxf3 e6 12. O-O Nge7 13. Nc3 O-O 14. Na4 Qd8 15.
Nc5 Rb8 16. Rc1 b6 17. Na6 Ra8 18. Be2 Nf5 19. Qd2 f6 20. f4 Nxe3 21. Qxe3 fxe5
22. fxe5 Qh4 23. Rxf8+ Rxf8 24. Rd1 Bh6 25. Qg3 Qxg3 26. hxg3 Nxd4 27. Bg4 Be3+
28. Kh2 h5 29. Rxd4 Bxd4 30. Bxe6+ Kg7 31. Bxd5 Bxe5 32. Nb4 h4 33. Nc6 Bxg3+
34. Kh3 Kh6 35. Nd4 Rd8 0-1

[Event "IX Open"]
[Site "Crema ITA"]
[Date "2007.09.07"]
[Round "1"]
[White "Bozzali, Ermanno"]
[Black "Tagliaferri, Valerio"]
[Result "1-0"]
[WhiteElo "2116"]
[BlackElo "1440"]
[PlyCount "145"]
[EventDate "2007.09.07"]

1. e4 c6 2. d4 d5 3. Nd2 dxe4 4. Nxe4 Bf5 5. Ng3 Bg6 6. h4 h6 7. Nf3 Nf6 8. h5
Bh7 9. Bd3 Bxd3 10. Qxd3 e6 11. Bf4 Bd6 12. Bxd6 Qxd6 13. Qb3 b6 14. Rh4 Nbd7
15. O-O-O O-O 16. Qe3 Rfd8 17. Rd3 Nd5 18. Qd2 Nb4 19. Rb3 c5 20. Ne4 Qe7 21.
a3 Ne5 22. Rf4 Nxf3 23. Rbxf3 f5 24. axb4 Rxd4 25. Qe1 fxe4 26. Rxe4 Rad8 27.
Rxd4 cxd4 28. Kb1 e5 29. Qe4 Rf8 30. Qd5+ Kh7 31. Rxf8 Qxf8 32. Qxe5 Qxf2 33.
Qe4+ Kg8 34. Qa8+ Kh7 35. Qe4+ Kg8 36. g4 Qf1+ 37. Ka2 Qc4+ 38. Ka3 a5 39. bxa5
bxa5 40. Qa8+ Kf7 41. Qxa5 Qxc2 42. Qd5+ Kf8 43. Qxd4 Qe2 44. b4 Qf3+ 45. Ka4
Qa8+ 46. Kb5 Qe8+ 47. Kc4 Qe6+ 48. Kd3 Qa6+ 49. Ke3 Qe6+ 50. Kf4 Qf7+ 51. Kg3
Qb3+ 52. Kg2 Qb1 53. Qd8+ Kf7 54. Qd7+ Kf8 55. b5 Qe4+ 56. Kf2 Qc2+ 57. Ke3
Qc1+ 58. Ke4 Qe1+ 59. Kd5 Qd2+ 60. Kc6 Qc2+ 61. Kb7 Qe4+ 62. Kc7 Qc4+ 63. Kd8
Qe4 64. Qf5+ Qxf5 65. gxf5 Kf7 66. b6 Kf6 67. b7 Kxf5 68. b8=Q Kg5 69. Qh2 g6
70. Ke7 gxh5 71. Ke6 h4 72. Ke5 Kh5 73. Kf5 1-0

[Event "IX Open"]
[Site "Crema ITA"]
[Date "2007.09.07"]
[Round "1"]
[White "Calvi, Gianluca"]
[Black "Scalcione, Michelangelo"]
[Result "0-1"]
[WhiteElo "1885"]
[BlackElo "2288"]
[PlyCount "42"]
[EventDate "2007.09.07"]

1. d4 d6 2. c4 e5 3. dxe5 dxe5 4. Qxd8+ Kxd8 5. e4 Be6 6. Be3 c6 7. Nd2 Nd7 8.
Ne2 Bc5 9. Bxc5 Nxc5 10. Nc3 a5 11. Rb1 Kc7 12. b4 axb4 13. Rxb4 Nf6 14. Nf3
Ra3 15. Nd5+ cxd5 16. exd5 Bg4 17. Ng5 Bh5 18. Rb2 h6 19. Nh3 Rha8 20. Kd2
Nfe4+ 21. Kc1 Rc3+ 0-1

[Event "IX Open"]
[Site "Crema ITA"]
[Date "2007.09.07"]
[Round "1"]
[White "Calvi, Luca"]
[Black "Codenotti, Marco"]
[Result "1/2-1/2"]
[WhiteElo "1560"]
[BlackElo "1969"]
[PlyCount "75"]
[EventDate "2007.09.07"]

1. d4 Nf6 2. c4 g6 3. Nc3 Bg7 4. e4 d6 5. f3 O-O 6. Bg5 Nc6 7. Nge2 e5 8. d5
Nd4 9. Nxd4 exd4 10. Qxd4 Re8 11. Qd2 a6 12. a4 h6 13. Be3 Rb8 14. Bd3 Nd7 15.
O-O Ne5 16. Be2 Kh7 17. a5 c6 18. Ba7 Ra8 19. Be3 c5 20. Na4 Rb8 21. Rab1 f5
22. f4 Nxc4 23. Bxc4 Rxe4 24. b3 Rxe3 25. Kh1 Re8 26. Rfe1 Bd7 27. Nb6 Re7 28.
b4 Re4 29. Rxe4 fxe4 30. bxc5 dxc5 31. Nxd7 Qxd7 32. Bxa6 Bd4 33. Bc4 e3 34.
Qc2 Rf8 35. Rb6 Qg7 36. g3 Rf6 37. d6 Kh8 38. Qe4 1/2-1/2

[Event "IX Open"]
[Site "Crema ITA"]
[Date "2007.09.07"]
[Round "1"]
[White "Cammarota, Vittorio"]
[Black "Madaschi, Sergio"]
[Result "1-0"]
[WhiteElo "1916"]
[BlackElo "1469"]
[PlyCount "39"]
[EventDate "2007.09.07"]

1. e4 e5 2. Bc4 Nf6 3. d3 Be7 4. Nf3 Nc6 5. O-O O-O 6. c3 d5 7. exd5 Nxd5 8.
Re1 Bf6 9. Nbd2 Re8 10. Ne4 Be7 11. Nfg5 h6 12. Nxf7 Kxf7 13. Qh5+ Kf8 14. Bxh6
gxh6 15. Qxh6+ Kf7 16. Re3 Rf8 17. Rf3+ Ke8 18. Qg6+ Kd7 19. Bxd5 Bd6 20. Qe6#
1-0

[Event "IX Open"]
[Site "Crema ITA"]
[Date "2007.09.07"]
[Round "1"]
[White "Capata, Ion"]
[Black "Fizzotti, Mario"]
[Result "1-0"]
[WhiteElo "2142"]
[BlackElo "1839"]
[PlyCount "89"]
[EventDate "2007.09.07"]

1. e4 e5 2. Nf3 Nf6 3. Nxe5 d6 4. Nf3 Nxe4 5. d4 d5 6. Bd3 Nc6 7. c3 Be7 8. h3
O-O 9. O-O Bf5 10. Bf4 Re8 11. Bb5 Bd6 12. Bxd6 Qxd6 13. Ne5 Qh6 14. Bxc6 bxc6
15. Qf3 Qe6 16. Rd1 Ng5 17. Qf4 f6 18. Nf3 Nxf3+ 19. Qxf3 Qe2 20. Qxe2 Rxe2 21.
b3 Rae8 22. Na3 Rb2 23. c4 Ree2 24. Rdc1 Rxa2 25. cxd5 cxd5 26. Nb5 Bd3 27. Nc3
Rxa1 28. Rxa1 Rb2 29. Nxd5 Rxb3 30. Rxa7 Be4 31. Nxc7 Rb1+ 32. Kh2 Rb4 33. Ne6
g6 34. Rg7+ Kh8 35. Rf7 Rb8 36. Rxf6 Bf5 37. g4 Be4 38. Ng5 Bd5 39. Rd6 Bg8 40.
Rd7 Rf8 41. Kg3 h6 42. Nf3 g5 43. h4 Be6 44. Rd6 gxh4+ 45. Nxh4 1-0

[Event "IX Open"]
[Site "Crema ITA"]
[Date "2007.09.07"]
[Round "1"]
[White "Casale, Anania"]
[Black "Murgia, Andrea"]
[Result "1-0"]
[WhiteElo "1703"]
[BlackElo "2042"]
[PlyCount "107"]
[EventDate "2007.09.07"]

1. d4 f5 2. c4 Nf6 3. g3 g6 4. Bg2 Bg7 5. Nc3 c6 6. e3 d6 7. Nge2 Qc7 8. O-O e5
9. dxe5 dxe5 10. e4 O-O 11. Be3 Nbd7 12. h3 Nh5 13. f4 Ndf6 14. Qc1 Be6 15.
fxe5 Nxe4 16. Nxe4 fxe4 17. g4 Rxf1+ 18. Qxf1 Rf8 19. Qc1 Bxe5 20. gxh5 Qg7 21.
Bh6 Qf6 22. Bxf8 Bxb2 23. Be7 Qe5 24. Qh6 Qf5 25. Rf1 Bg7 26. Rxf5 Bxh6 27. Re5
Bxc4 28. Nc3 Bg7 29. Rxe4 Bd3 30. Rf4 Bxc3 31. h6 Bf5 32. Bf1 Kf7 33. Bc5 Ke6
34. Rf3 Bd2 35. Bc4+ Ke5 36. Bf8 Ke4 37. Kg2 Kd4 38. Bg8 Be4 39. Bg7+ Kc5 40.
Bxh7 b5 41. Bg8 Bxh6 42. Bxh6 a5 43. Kf2 Bxf3 44. Kxf3 a4 45. Bf8+ Kd4 46. Kf4
c5 47. Kg5 c4 48. Bb4 c3 49. Kxg6 c2 50. Bd2 Kd3 51. Bg5 b4 52. h4 Kc3 53. h5
b3 54. Bxb3 1-0

[Event "IX Open"]
[Site "Crema ITA"]
[Date "2007.09.07"]
[Round "1"]
[White "Cervini, Ernesto"]
[Black "Casartelli, Fabio"]
[Result "0-1"]
[WhiteElo "1467"]
[BlackElo "1916"]
[PlyCount "32"]
[EventDate "2007.09.07"]

1. e4 e5 2. Nf3 Nf6 3. d4 Nxe4 4. Bd3 d5 5. dxe5 Bg4 6. O-O Nc6 7. h3 Bh5 8. c3
Be7 9. Bf4 O-O 10. g4 Bg6 11. Qc2 f5 12. exf6 Rxf6 13. Ng5 Rxf4 14. Ne6 Qd6 15.
Nxf4 Qxf4 16. b3 Bd6 0-1

[Event "IX Open"]
[Site "Crema ITA"]
[Date "2007.09.07"]
[Round "1"]
[White "Corbellini, Nicola"]
[Black "Oteri, Aldo"]
[Result "1-0"]
[WhiteElo "1533"]
[BlackElo "1957"]
[PlyCount "89"]
[EventDate "2007.09.07"]

1. e4 e6 2. d4 d5 3. Nc3 Bb4 4. e5 c5 5. a3 Bxc3+ 6. bxc3 Ne7 7. Qg4 O-O 8. Bd3
Nbc6 9. Nf3 f6 10. Bh6 Ng6 11. Bxg6 gxh6 12. Bd3+ Kh8 13. Qh4 fxe5 14. Qxd8
Rxd8 15. Nxe5 Nxe5 16. dxe5 c4 17. Be2 Bd7 18. Kd2 Rf8 19. Rhf1 Rf5 20. f4 Raf8
21. Ke3 h5 22. Rad1 Ba4 23. g4 hxg4 24. Bxg4 Bxc2 25. Bxf5 Rxf5 26. Rd2 Be4 27.
Rg1 Rh5 28. Rb2 b6 29. a4 Rh3+ 30. Rg3 Rxg3+ 31. hxg3 Bf5 32. a5 bxa5 33. Ra2
Kg7 34. Rxa5 Kh6 35. Rxa7 Kh5 36. Rg7 Bg6 37. Re7 Bf5 38. Rf7 Kg6 39. Rf6+ Kg7
40. Kd4 Bg4 41. f5 Bxf5 42. Rxf5 exf5 43. Kxd5 h5 44. e6 Kf6 45. Kd6 1-0

[Event "IX Open"]
[Site "Crema ITA"]
[Date "2007.09.07"]
[Round "1"]
[White "D'Apa, Massimo"]
[Black "Marrone, Vincenzo"]
[Result "0-1"]
[WhiteElo "1521"]
[BlackElo "1939"]
[PlyCount "48"]
[EventDate "2007.09.07"]

1. e4 c5 2. c3 d5 3. exd5 Qxd5 4. Nf3 Nf6 5. Bb5+ Nc6 6. O-O Bg4 7. Be2 e6 8.
d3 Rd8 9. Nbd2 Be7 10. Qc2 O-O 11. Rd1 Rd7 12. c4 Qd6 13. Nb3 e5 14. Bg5 Rfd8
15. h3 Bh5 16. Kh1 Qe6 17. Bxf6 Qxf6 18. Rd2 Nb4 19. Qc3 Bxf3 20. gxf3 Qf5 21.
Kh2 Nxd3 22. Rg1 Nxf2 23. Rg3 Bh4 24. Rg4 Nxg4+ 0-1

[Event "IX Open"]
[Site "Crema ITA"]
[Date "2007.09.07"]
[Round "1"]
[White "D'Apa, Matteo"]
[Black "Pezzotta, Gianni"]
[Result "1-0"]
[WhiteElo "2055"]
[BlackElo "1718"]
[PlyCount "85"]
[EventDate "2007.09.07"]

1. d4 f5 2. c4 Nf6 3. Nc3 g6 4. Nf3 Bg7 5. g3 O-O 6. Bg2 d6 7. O-O Qe8 8. Re1
c6 9. d5 Na6 10. Nd4 Bd7 11. Rb1 Rb8 12. a3 Nc7 13. Bg5 Kh8 14. Qd2 Ng4 15. h3
Ne5 16. b3 Nf7 17. h4 Nxg5 18. hxg5 Rf7 19. e3 c5 20. Nde2 b5 21. Nf4 Rf8 22.
Nxb5 Bxb5 23. cxb5 Rxb5 24. Ne6 Nxe6 25. dxe6 Qb8 26. Bd5 Rc8 27. Qd3 a5 28. a4
Rb4 29. Kg2 Rc7 30. Rh1 Qc8 31. Rh4 Rxh4 32. gxh4 h5 33. gxh6 Bxh6 34. Qc3+ Kh7
35. Qxa5 Qd8 36. b4 Qb8 37. bxc5 Qxb1 38. Qxc7 Qd1 39. Qxe7+ Bg7 40. Bf3 Qxa4
41. cxd6 Qb4 42. Qf7 Qxd6 43. e7 1-0

[Event "IX Open"]
[Site "Crema ITA"]
[Date "2007.09.07"]
[Round "1"]
[White "De Palma, Fabrizio"]
[Black "Brighenti, Alessandro"]
[Result "1-0"]
[WhiteElo "1972"]
[BlackElo "1623"]
[PlyCount "51"]
[EventDate "2007.09.07"]

1. e4 e5 2. Nf3 Nc6 3. d4 exd4 4. Nxd4 Nf6 5. Nxc6 bxc6 6. e5 Qe7 7. Qe2 Nd5 8.
c4 Nb6 9. g3 Ba6 10. b3 Qe6 11. Bb2 Bb4+ 12. Nd2 O-O 13. O-O-O Rfe8 14. Qe3 d5
15. cxd5 Nxd5 16. Qf3 Bb5 17. Ne4 h6 18. Bxb5 cxb5 19. Rxd5 Kh8 20. Rhd1 a5 21.
Qd3 Reb8 22. Nc5 Qh3 23. Qd4 Rg8 24. Qh4 Qg2 25. e6 fxe6 26. Qxh6# 1-0

[Event "IX Open"]
[Site "Crema ITA"]
[Date "2007.09.07"]
[Round "1"]
[White "Ferrero, Oscar"]
[Black "Annoni, Riccardo"]
[Result "1-0"]
[WhiteElo "1726"]
[BlackElo "2080"]
[PlyCount "93"]
[EventDate "2007.09.07"]

1. e4 c5 2. d3 Nc6 3. g3 g6 4. Bg2 Bg7 5. f4 d6 6. Nf3 Bg4 7. c3 e5 8. h3 Bd7
9. Be3 Nge7 10. Qd2 O-O 11. f5 gxf5 12. Bh6 Ng6 13. Bxg7 Kxg7 14. exf5 Bxf5 15.
Na3 Bxd3 16. O-O-O c4 17. Ne1 e4 18. Nxd3 exd3 19. Nxc4 Nce5 20. Nxe5 dxe5 21.
Qxd3 Qg5+ 22. Kc2 Rad8 23. Qf3 b5 24. h4 Qe7 25. Rxd8 Rxd8 26. Rd1 Rxd1 27.
Kxd1 b4 28. c4 Qc5 29. Qe2 Qd4+ 30. Kc2 a5 31. Bh3 e4 32. Bf5 e3 33. h5 Ne5 34.
h6+ Kg8 35. b3 Qa1 36. Qxe3 Qxa2+ 37. Kd1 Qa1+ 38. Ke2 Qb2+ 39. Qd2 Qxd2+ 40.
Kxd2 Kf8 41. Ke3 Ke7 42. Kd4 f6 43. Kc5 Nf7 44. Bxh7 Nxh6 45. Bc2 Ng4 46. Kb6
Kd6 47. c5+ 1-0